[Event "83rd ch-GER 2012"]
[Site "Osterburg GER"]
[Date "2012.03.02"]
[Round "1"]
[White "Bluebaum,M"]
[Black "Tabatt,H"]
[Result "1-0"]
[WhiteElo "2407"]
[BlackElo "2296"]

1.d4 Nf6 2.c4 e6 3.Nf3 Bb4+ 4.Bd2 Be7 5.g3 d5 6.Bg2 O-O 7.O-O dxc4 8.Qa4 a6
9.Qxc4 b5 10.Qc2 Bb7 11.Rc1 Bd6 12.a4 Nbd7 13.Na3 Be4 14.Qd1 Qb8 15.axb5 axb5
16.Qb3 Ra6 17.Qxb5 Rb6 18.Qa5 Rxb2 19.Nc4 Bb4 20.Bxb4 Rxb4 21.Ncd2 Bxf3 22.Nxf3 Rc8
23.Rc6 Rb1+ 24.Rxb1 Qxb1+ 25.Bf1 Nd5 26.Qa3 N7b6 27.Rc1 Qb4 28.Qxb4 Nxb4
29.Ne5 Kf8 30.Bg2 f6 31.Nc6 Nxc6 32.Bxc6 Rd8 33.e3 Ke7 34.Be4 f5 35.Rxc7+ Rd7
36.Rxd7+ Nxd7 37.Bd3 g6 38.Kg2 Kd6 39.f4 Nf6 40.Kf3 h6 41.h3 Kd5 42.Ba6 Kd6
43.Bb7 Ke7 44.e4 fxe4+ 45.Bxe4 g5 46.g4 Ne8 47.Kg3 Kf6 48.h4 Nd6 49.Bd3 Nf7
50.fxg5+ hxg5 51.h5 Ke7 52.Kf3 Nh6 53.Be2 Kd6 54.Ke4 Ng8 55.Bf3 Nf6+ 56.Kd3 Ng8
57.Kc4 Nh6 58.Kb5 Ng8 59.Kb6 Nh6 60.Kb7 e5 61.d5 e4 62.Bxe4 Nxg4 63.Kc8 Nh6
64.Kd8 Ke5 65.Ke7 Kxe4 66.d6 Nf5+ 67.Kf6 Nxd6 68.h6 g4 69.h7 Kf3 70.h8=Q Ne4+
71.Ke5 Nf2 72.Qa8+  1-0

[Event "European Ind w 2012"]
[Site "Gaziantep TUR"]
[Date "2012.03.04"]
[Round "3"]
[White "Girya,O"]
[Black "Muzychuk,A"]
[Result "1/2-1/2"]
[WhiteElo "2406"]
[BlackElo "2583"]

1.d4 Nf6 2.Nf3 e6 3.c4 Bb4+ 4.Bd2 Qe7 5.g3 Nc6 6.Nc3 Bxc3 7.Bxc3 Ne4 8.Rc1 d6
9.Bg2 O-O 10.O-O Nxc3 11.Rxc3 e5 12.d5 Nb8 13.b4 a5 14.Ra3 Bg4 15.Nd2 Nd7
16.Rxa5 Rxa5 17.bxa5 f5 18.Nb3 f4 19.Qd2 g5 20.f3 Bh5 21.e4 g4 22.fxg4 Bxg4
23.gxf4 exf4 24.Rxf4 Ne5 25.Rxf8+ Kxf8 26.h3 Bc8 27.c5 Kg8 28.cxd6 cxd6 29.Qc3 Bd7
30.Nd4 Qg5 31.Kh2 Qh4 32.Ne6 h5 33.Qd2 Bxe6 34.dxe6 Kg7 35.Kg1 Qe7 36.Qf4 Qxe6
37.Qg5+ Ng6 38.Qxh5 Qxa2 39.Qb5 Qa1+ 40.Kh2 Qe5+ 41.Qxe5+ Nxe5 42.Bf1 Nc6
43.a6 bxa6 44.Bxa6 Nd4 45.Kg3 Ne6 46.Bc4 Ng5 47.Bd5 Nxe4+ 48.Bxe4 d5 49.Bxd5  1/2-1/2

[Event "83rd ch-GER 2012"]
[Site "Osterburg GER"]
[Date "2012.03.04"]
[Round "3"]
[White "Schindler,C"]
[Black "Pohl Kuemmel,JU"]
[Result "1/2-1/2"]
[WhiteElo "2211"]
[BlackElo "2319"]

1.d4 Nf6 2.c4 e6 3.Nf3 Bb4+ 4.Bd2 Qe7 5.a3 Bxd2+ 6.Nbxd2 d6 7.g3 O-O 8.Bg2 e5
9.e3 c6 10.dxe5 dxe5 11.Qc2 a5 12.O-O Na6 13.Rac1 Nc5 14.b4 axb4 15.axb4 Na6
16.b5 Nb4 17.Qb3 c5 18.Ra1 Bf5 19.Qc3 e4 20.Ne1 Rxa1 21.Qxa1 b6 22.Nb1 h5
23.h4 Rd8 24.Qb2 Qe6 25.Na3 Ng4 26.Nec2 Rd2 27.Qc1 Rxf2 28.Nxb4 Rxf1+ 29.Bxf1 cxb4
30.Nc2 Qe5 31.Qe1 Qb2 32.Qe2 b3 33.Nd4 Qxe2 34.Nxe2 Nxe3 35.Nc3 b2 36.Be2 Be6
37.c5 bxc5 38.b6 Bc8 39.Kf2 Nf5 40.Bxh5 Bb7 41.Bd1 Nd6 42.Be2 Nc8 43.Ke3 Nxb6
44.Kd2 Na4 45.Nb1 Bd5 46.Na3 c4 47.Bd1 c3+ 48.Ke3 Ba2 49.Bc2 f5 50.Kd4 Kf7
51.Bxa4 b1=Q 52.Nxb1 Bxb1 53.Kxc3 Kf6 54.Kd2 Ba2 55.Ke3 g5 56.hxg5+ Kxg5
57.Bd1 Bc4 58.g4 fxg4 59.Bxg4  1/2-1/2

[Event "2nd Ferdynanda Dziedzica Mem"]
[Site "Trzcianka POL"]
[Date "2012.03.04"]
[Round "6"]
[White "Sieciechowicz,M"]
[Black "Macieja,B"]
[Result "1/2-1/2"]
[WhiteElo "2456"]
[BlackElo "2605"]

1.d4 Nf6 2.c4 e6 3.Nf3 Bb4+ 4.Bd2 c5 5.Bxb4 cxb4 6.g3 O-O 7.Bg2 Nc6 8.O-O d6
9.a3 bxa3 10.Nxa3 e5 11.dxe5 dxe5 12.Nb5 Qb6 13.Qc2 Bg4 14.Qc3 Qc5 15.b4 Qxb4
16.Qxb4 Nxb4 17.Nxe5 Bxe2 18.Rfe1 Nc2 19.Ra2 Bxc4 20.Rxc2 Bxb5 21.Bxb7 Rab8
22.Rc7 a5 23.Ra1 a4 24.Nc6 Nd5 25.Ne7+ Nxe7 26.Rxe7 Rfe8 27.Rc7 Red8 28.Bc6 Bxc6
29.Rxc6 Ra8  1/2-1/2

[Event "2nd HD Bank Cup 2012"]
[Site "Ho Chi Minh City VIE"]
[Date "2012.03.05"]
[Round "6.22"]
[White "Tran Tuan Minh"]
[Black "Nguyen Huynh Minh Huy"]
[Result "1/2-1/2"]
[WhiteElo "2249"]
[BlackElo "2460"]

1.d4 Nf6 2.c4 e6 3.Nf3 Bb4+ 4.Bd2 Qe7 5.Qc2 Nc6 6.Nc3 d6 7.a3 Bxc3 8.Bxc3 O-O
9.b4 e5 10.dxe5 Nxe5 11.e3 Bg4 12.Be2 Rfe8 13.Rd1 Nfd7 14.Nd4 Bxe2 15.Qxe2 Nb6
16.O-O f6 17.Nf5 Qe6 18.Bxe5 fxe5 19.e4 Nxc4 20.Rc1 b5 21.Ne3 Nxe3 22.fxe3 a6
23.Rxc7 Rf8 24.Rd1 Rf6 25.Rc6 h6 26.Qd3 a5 27.Rxd6 Qxd6 28.Qxd6 Rxd6 29.Rxd6 axb4
30.axb4 Ra4 31.Rd5 Rxb4 32.Rxe5 Rb2 33.Re7 Kh7 34.Rb7 Kg6 35.Rb6+ Kf7  1/2-1/2

[Event "Reykjavik Open"]
[Site "Reykjavik ISL"]
[Date "2012.03.06"]
[Round "1.14"]
[White "Halkias,S"]
[Black "Thorell,Viktor"]
[Result "1/2-1/2"]
[WhiteElo "2588"]
[BlackElo "2034"]

1.d4 Nf6 2.Nf3 e6 3.c4 Bb4+ 4.Bd2 Qe7 5.g3 b6 6.Bg2 Bb7 7.O-O Bxd2 8.Nbxd2 d5
9.Rc1 O-O 10.Ne5 Nbd7 11.cxd5 Nxe5 12.dxe5 Nxd5 13.a3 c5 14.Ne4 f6 15.exf6 Nxf6
16.Nxf6+ Rxf6 17.Bxb7 Qxb7 18.b4 cxb4 19.axb4 Qe4 20.b5 Qe5 21.Qd3 Rf5 22.Qd7 h5
23.Rc6 Qxe2 24.Rc7 Rg5 25.Qf7+ Kh7 26.h4 Rg6 27.Re7 Qxb5 28.Rxe6 Rxe6 29.Qxe6 Re8
30.Qf7 a5 31.Rd1 Re5 32.Rd7 Qb1+ 33.Kg2 Qg6 34.Qxg6+  1/2-1/2

[Event "PriFO Champ RUS 2012"]
[Site "Tolyatti RUS"]
[Date "2012.03.06"]
[Round "9.23"]
[White "Korovin,Mikhail"]
[Black "Syrchikov,A"]
[Result "1/2-1/2"]
[WhiteElo "2094"]
[BlackElo "2294"]

1.d4 Nf6 2.Nf3 e6 3.c4 Bb4+ 4.Bd2 Bxd2+ 5.Qxd2 d5 6.Nc3 O-O 7.e3 Qe7 8.Bd3 dxc4
9.Bxc4 c5 10.O-O Rd8 11.Rad1 Nc6 12.Qe2 cxd4 13.exd4 a6 14.Rfe1 Bd7 15.Ne5 Nb4
16.Qf3 Be8 17.d5 Nbxd5 18.Nxd5 Nxd5 19.Bxd5 Rxd5 20.Ng6 hxg6 21.Qxd5 Bc6
22.Qa5 Qh4 23.Re3 Bxg2 24.f3 Bh3 25.Red3 Kh7 26.Rd4 Qf6 27.Qe1 Qxf3 28.Qh4+ Qh5
29.Qg3 g5 30.Rc1 Re8 31.Rcc4 Bf5 32.Rh4 gxh4 33.Rxh4 Qxh4 34.Qxh4+ Kg8 35.Qb4 Rb8
36.Kf2 b5 37.Ke3 Rc8 38.Qa5 Rc2 39.b3 Rxh2 40.Qxa6 b4 41.Qa5 Bb1 42.Qxb4 Rxa2
43.Qb8+ Kh7 44.b4 Rb2 45.b5 Ba2 46.Qe5 Rg2 47.Qe4+ Rg6  1/2-1/2

[Event "83rd ch-GER 2012"]
[Site "Osterburg GER"]
[Date "2012.03.07"]
[Round "6"]
[White "Riegler,Dieter"]
[Black "Tabatt,H"]
[Result "0-1"]
[WhiteElo "2118"]
[BlackElo "2296"]

1.d4 Nf6 2.c4 e6 3.Nf3 Bb4+ 4.Bd2 Be7 5.Nc3 d5 6.Bg5 h6 7.Bh4 O-O 8.e3 Nbd7
9.cxd5 exd5 10.Bd3 Nb6 11.O-O Bg4 12.h3 Be6 13.Rc1 c6 14.Bb1 Re8 15.Ne5 Nfd7
16.Bg3 Nxe5 17.dxe5 Qd7 18.Qh5 Nc4 19.Bc2 Nxb2 20.f4 f5 21.exf6 Bxf6 22.Be1 Nc4
23.Nd1 Nd6 24.Nf2 Bf5 25.Ng4 Bxc2 26.Nxf6+ gxf6 27.Rxc2 Qf7 28.Qf3 Re4 29.Bd2 Rae8
30.Qd1 Kh7 31.Rf3 Nf5 32.Qb1 d4 33.Rb2 b6 34.g4 Qg6 35.exd4 Nxd4 36.Rf2 f5
37.g5 Qh5 38.Qf1 Qh4 39.Bc3 Qg3+  0-1

[Event "Reykjavik Open"]
[Site "Reykjavik ISL"]
[Date "2012.03.07"]
[Round "2.12"]
[White "Avrukh,B"]
[Black "Karlsson,B"]
[Result "1-0"]
[WhiteElo "2591"]
[BlackElo "2250"]

1.d4 Nf6 2.c4 e6 3.Nf3 Bb4+ 4.Bd2 Qe7 5.g3 Nc6 6.Nc3 Bxc3 7.Bxc3 Ne4 8.Rc1 O-O
9.Bg2 d6 10.d5 Nxc3 11.Rxc3 Nd8 12.O-O e5 13.Nd2 f5 14.c5 Nf7 15.cxd6 cxd6
16.Qb3 Rb8 17.Rfc1 Bd7 18.Rc7 Rfc8 19.R1c3 Qd8 20.Rxb7 Rxb7 21.Qxb7 Rb8 22.Qxa7 Rxb2
23.Nc4 Rb1+ 24.Bf1 f4 25.Rb3 Rc1 26.Rb8 Bc8 27.Nd2 h6 28.Nb3 Rc2 29.Qa4 Qc7
30.Ra8 Kh7 31.Ra7  1-0

[Event "83rd ch-GER 2012"]
[Site "Osterburg GER"]
[Date "2012.03.10"]
[Round "9"]
[White "Schindler,C"]
[Black "Mueller,Oli"]
[Result "1/2-1/2"]
[WhiteElo "2211"]
[BlackElo "2327"]

1.d4 Nf6 2.c4 e6 3.Nf3 Bb4+ 4.Bd2 Qe7 5.g3 Nc6 6.Nc3 d6 7.Bg2 Bxc3 8.Bxc3 Ne4
9.Qc2 Nxc3 10.Qxc3 O-O 11.d5 Nb8 12.dxe6 fxe6 13.O-O Nc6 14.b4 Qf6 15.Qxf6  1/2-1/2

[Event "Zagreb Open A"]
[Site "Zagreb CRO"]
[Date "2012.03.10"]
[Round "6.16"]
[White "Valsecchi,A"]
[Black "Majeric,Z"]
[Result "1-0"]
[WhiteElo "2429"]
[BlackElo "2276"]

1.d4 Nf6 2.Nf3 e6 3.c4 Bb4+ 4.Bd2 Qe7 5.g3 O-O 6.Nc3 Bxc3 7.Bxc3 Ne4 8.Rc1 Nxc3
9.Rxc3 d6 10.Bg2 e5 11.d5 a5 12.O-O Na6 13.Qe1 Nc5 14.Ra3 b6 15.b4 Nb7 16.Nd2 Bd7
17.b5 Nc5 18.e4 f5 19.exf5 Bxf5 20.f4 Rae8 21.Re3 Qd8 22.fxe5 Nd3 23.Qb1 Nf4
24.Be4 Nh3+ 25.Kg2 Qg5 26.Qd3 Rxe5 27.Bxf5 Rfxf5 28.Rxe5 Rxe5 29.Kxh3 Qh6+
30.Kg2 Re3 31.Qf5  1-0

[Event "44th Belgrade WGM"]
[Site "Belgrade SRB"]
[Date "2012.03.11"]
[Round "9.4"]
[White "Maksimovic,S"]
[Black "Olarasu,G"]
[Result "0-1"]
[WhiteElo "2227"]
[BlackElo "2260"]

1.d4 Nf6 2.c4 e6 3.Nf3 Bb4+ 4.Bd2 Qe7 5.e3 O-O 6.Nc3 d6 7.Qc2 e5 8.dxe5 dxe5
9.a3 Bd6 10.Bd3 c6 11.Ng5 h6 12.h4 a5 13.O-O-O Na6 14.Bh7+ Kh8 15.Nce4 Nxe4
16.Bxe4 f5 17.g4 g6 18.Bc3 Nc5 19.Rxd6 Qxd6 20.f4 Kg8 21.Bxe5 Qe7 22.gxf5 Nxe4
23.Nxe4 Bxf5 24.Qg2 Qe6 25.Nd6 Rad8 26.Nxf5 Qxf5 27.h5 g5 28.Rg1 Kh7 29.e4 Qe6
30.Qc2 Rd7 31.Kb1 Rg8 32.Rf1 Re7 33.Re1 Rf8 34.Qd3 Rd7 35.Qg3 gxf4 36.Bxf4 Rg7
37.Qh2 Qxc4 38.Bxh6 Qd3+ 39.Ka2 Kxh6 40.Qe5 Qc4+  0-1

[Event "European Ind w 2012"]
[Site "Gaziantep TUR"]
[Date "2012.03.13"]
[Round "11"]
[White "Kursova,M"]
[Black "Melia,S"]
[Result "0-1"]
[WhiteElo "2328"]
[BlackElo "2400"]

1.d4 Nf6 2.Nf3 e6 3.c4 Bb4+ 4.Bd2 Qe7 5.g3 Nc6 6.Nc3 d5 7.Bg2 O-O 8.O-O dxc4
9.a3 Bxc3 10.Bxc3 Nd5 11.Qc2 Rb8 12.e4 Nxc3 13.Qxc3 b5 14.a4 b4 15.Qxc4 Na5
16.Qc2 Ba6 17.Rfd1 Rfd8 18.Rac1 Bc4 19.Rd2 f6 20.Bf1 b3 21.Qc3 Rb4 22.Ra1 Bxf1
23.Kxf1 Nc4 24.Rdd1 a5 25.Rdc1 Qd6 26.Kg2 Rd7 27.Qxc4 Rxc4 28.Rxc4 Qa6 29.Rac1 Qb7
30.Rc6 Re7 31.R1c4 h6 32.Nd2 f5 33.f3 Kh7 34.R6c5 fxe4 35.fxe4 Qb6 36.Rb5 Qa6
37.Rbc5 Rd7 38.Rc6 Qa7 39.Nxb3 e5 40.dxe5 Qe3 41.e6 Qe2+ 42.Kh3 Rd1 43.Rc1 Rxc1
44.Rxc1 Qxe4 45.Nc5 Qe2 46.b3 g5 47.e7 g4+ 48.Kh4 Qxe7+ 49.Kxg4 Qg5+  0-1

[Event "European Ind w Rapid 2012"]
[Site "Gaziantep TUR"]
[Date "2012.03.15"]
[Round "1"]
[White "Batsiashvili,N"]
[Black "Cherednichenko,E"]
[Result "1-0"]
[WhiteElo "2438"]
[BlackElo "2130"]

1.d4 Nf6 2.c4 e6 3.Nf3 Bb4+ 4.Bd2 Qe7 5.g3 Nc6 6.Bg2 Bxd2+ 7.Nbxd2 d6 8.Nf1 O-O
9.Ne3 e5 10.O-O Nxd4 11.Nxd4 exd4 12.Qxd4 Qe5 13.Rfd1 Qxd4 14.Rxd4 Rb8 15.Nd5 Nxd5
16.cxd5 Re8 17.e3 Re7 18.Rc1 Bf5 19.Rdc4 Rc8 20.e4 Bg6 21.Bh3 Rce8 22.f3 f5
23.Rxc7 Rxc7 24.Rxc7 fxe4 25.Be6+ Kh8 26.fxe4 Bxe4 27.Rxb7 a6 28.Rb6 Bd3
29.Rxd6 h5 30.Kf2 a5 31.Rc6 Kh7 32.Ke3 Bb1 33.Kd4 a4 34.Rc8 Re7 35.Ra8 Bc2
36.Ke5 Rb7 37.d6 Rb5+ 38.Bd5 Bf5 39.Kxf5 Rxd5+ 40.Ke6  1-0

[Event "European Ind w Rapid 2012"]
[Site "Gaziantep TUR"]
[Date "2012.03.15"]
[Round "8"]
[White "Batsiashvili,N"]
[Black "Kovanova,B"]
[Result "1-0"]
[WhiteElo "2438"]
[BlackElo "2392"]

1.d4 Nf6 2.Nf3 e6 3.c4 Bb4+ 4.Bd2 Bxd2+ 5.Nbxd2 O-O 6.g3 d6 7.Bg2 c5 8.dxc5 dxc5
9.Ne5 Nbd7 10.Nd3 Rb8 11.O-O b6 12.Qa4 Qc7 13.Rfd1 Rd8 14.Nb1 Bb7 15.Qxa7 Ne5
16.Na3 Nc6 17.Nb5 Qc8 18.Qxb6 Nd4 19.Nxd4 cxd4 20.Bxb7 Rxb7 21.Qa5 Re8 22.Rac1 e5
23.Nxe5 Rxb2 24.Rxd4 Rxe2 25.Nd3 h5 26.c5 Qf5 27.Nf4 Ng4 28.Rd8 g5 29.Qa8 Nf6
30.Nxe2  1-0

[Event "TCh-CZE Liga 1 Zapad"]
[Site "Czech Rep CZE"]
[Date "2012.03.18"]
[Round "10.1"]
[White "Priehoda,V"]
[Black "Kulhanek,T"]
[Result "1/2-1/2"]
[WhiteElo "2388"]
[BlackElo "2371"]

1.d4 Nf6 2.c4 e6 3.Nf3 Bb4+ 4.Bd2 Qe7 5.Qc2 Bxd2+ 6.Nbxd2 d6 7.Qc3 O-O 8.e4 e5
9.Bd3 Nbd7 10.O-O c6 11.Rfe1 Re8 12.h3 exd4 13.Nxd4 Nc5 14.Bc2 Qe5 15.Re3 Nh5
16.N2f3 Qf6 17.Rae1 Nd7 18.c5 Ne5 19.cxd6 Qxd6 20.Rd1 Nf4 21.Kh1 Qg6 22.Ne1 Qh5
23.Rd2 Bd7 24.Ndf3 Bxh3 25.gxh3 Ng4 26.Nh2 Nxe3 27.Qxe3 Nxh3 28.f4 Rad8 29.Ng2 Qh6
30.e5 Rxd2 31.Qxd2 Qe6 32.Nf3 Qg4 33.Nh2 Qg3 34.Qd7 Nf2+ 35.Kg1 Nh3+ 36.Kh1 Nf2+  1/2-1/2

[Event "13th EICC"]
[Site "Plovdiv BUL"]
[Date "2012.03.20"]
[Round "1.91"]
[White "Panteleev,P"]
[Black "Stocek,J"]
[Result "0-1"]
[WhiteElo "2347"]
[BlackElo "2606"]

1.d4 Nf6 2.Nf3 e6 3.c4 Bb4+ 4.Bd2 a5 5.g3 d6 6.Bg2 Nbd7 7.O-O e5 8.Be3 exd4
9.Bxd4 a4 10.Bc3 Bxc3 11.Nxc3 Nb6 12.Qd4 O-O 13.c5 dxc5 14.Qxc5 c6 15.Rfd1 Nbd7
16.Qd4 Re8 17.Nd2 a3 18.b4 Qb6 19.Nde4 Nxe4 20.Nxe4 Qxd4 21.Rxd4 Nf8 22.Nd6 Rxe2
23.Nxc8 Rxc8 24.Rd3 Rb2 25.Rxa3 Rxb4 26.Rb3 Rxb3 27.axb3 g6 28.Bh3 Rc7 29.Ra8 Kg7
30.Re8 h5 31.f4 Nh7 32.Rd8 Nf6 33.Kf1 Re7 34.Rb8 Nd5 35.Bc8 Re8  0-1

[Event "ch-VIE Women 2012"]
[Site "Can Tho VIE"]
[Date "2012.03.21"]
[Round "4"]
[White "Nguyen,Thi Thuy Trien"]
[Black "Vo Thi Kim Phung"]
[Result "0-1"]
[WhiteElo "1936"]
[BlackElo "2156"]

1.d4 Nf6 2.Nf3 e6 3.c4 Bb4+ 4.Bd2 Qe7 5.g3 O-O 6.Bg2 Bxd2+ 7.Nbxd2 d6 8.O-O h6
9.e4 e5 10.d5 Na6 11.Qc2 Rb8 12.a3 Bd7 13.b4 Rfc8 14.Rfe1 Nh7 15.Nb3 Ba4
16.Qc3 Ng5 17.Nbd2 Bd7 18.Nxg5 hxg5 19.Qe3 Ra8 20.Rac1 c5 21.dxc6 bxc6 22.c5 dxc5
23.Qd3 Nc7 24.Rxc5 f6 25.Nb3 Rd8 26.Qe3 Ne6 27.Rc3 Be8 28.Rd3 Rxd3 29.Qxd3 Rd8
30.Qc4 Kh7 31.Bh3 Nd4 32.Nxd4 Rxd4 33.Qa6 Rd6 34.Bf5+ Bg6 35.Bxg6+ Kxg6 36.Qc8 Qd7
37.Qxd7 Rxd7 38.Re3 Rd1+ 39.Kg2 Rc1 40.Rb3 Rc4 41.Kf3 Kf7 42.a4 Ke6 43.g4 Kd6
44.a5 a6 45.h3 Kc7 46.Ke3 Rd4 47.Rb1 Rd8 48.Rc1 Rb8 49.Rc4 Rh8 50.f3 Rxh3
51.Rc1 Rh2 52.Rb1 Rh8 53.Kd3 Rd8+ 54.Kc3 Rh8 55.Kd3 Kd6 56.Rd1 Rh2 57.Kc4+ Kc7
58.Rf1 Rc2+ 59.Kb3 Re2 60.Kc3 Re3+ 61.Kc4 Ra3 62.Rf2 Re3 63.Rf1 Re2 64.Kd3 Ra2
65.Kc4 Rd2 66.Kc3 Rd4 67.Rh1 c5 68.bxc5 Kc6 69.Rb1 Kxc5 70.Rb6 Ra4 71.Rxa6 Ra3+
72.Kb2 Rxf3 73.Ra7 Kb5 74.a6 Kb6 75.Rxg7 Kxa6 76.Kc2 Kb6 77.Kd2 Kc6 78.Ra7 Kd6
79.Ra1 Rg3 80.Ke2 Rxg4 81.Kf3 Rf4+ 82.Ke3 Ke6 83.Ra7 Rh4 84.Kf3 Rh1 85.Rb7 Rf1+
86.Ke3 Rd1 87.Kf3 Rd7 88.Rb6+ Kf7 89.Kg4 Kg6 90.Rb8 Rd1 91.Rb7 Rf1 92.Rb4 Rf4+
93.Kg3 Kh5 94.Rb6 g4 95.Rb8 Rxe4 96.Rg8 Re3+ 97.Kf2 Ra3  0-1

[Event "13th EICC"]
[Site "Plovdiv BUL"]
[Date "2012.03.21"]
[Round "2.150"]
[White "Bozinovic,Bob"]
[Black "Pacher,M"]
[Result "1/2-1/2"]
[WhiteElo "2105"]
[BlackElo "2402"]

1.Nf3 Nf6 2.d4 e6 3.c4 Bb4+ 4.Bd2 Qe7 5.a3 Bxd2+ 6.Qxd2 O-O 7.Nc3 d6 8.g3 e5
9.Bg2 Nc6 10.b4 Bg4 11.dxe5 dxe5 12.O-O Bxf3 13.exf3 a5 14.Nd5 Nxd5 15.cxd5 Nd4
16.Rab1 axb4 17.Qxb4 Qd6 18.f4 Ne2+ 19.Kh1 exf4 20.Qd2 Nxg3+ 21.fxg3 fxg3
22.Qb4 Qh6 23.h3 g5 24.Qb3 Qd6 25.Rf3 g4 26.Rbf1 Ra6 27.Qb4 f5 28.Qxd6 cxd6
29.Rb3 h5 30.Rxg3 h4 31.Rb3 Rfa8 32.Rxb7 Rxa3 33.Rxf5 Rxh3+ 34.Bxh3  1/2-1/2

[Event "13th EICC"]
[Site "Plovdiv BUL"]
[Date "2012.03.25"]
[Round "6.36"]
[White "Khmelniker,I"]
[Black "Khairullin,I"]
[Result "1/2-1/2"]
[WhiteElo "2523"]
[BlackElo "2626"]

1.d4 Nf6 2.c4 e6 3.Nf3 Bb4+ 4.Bd2 Qe7 5.g3 Nc6 6.Bg2 Bxd2+ 7.Nbxd2 d6 8.O-O a5
9.Rc1 O-O 10.e3 e5 11.Qc2 Re8 12.a3 e4 13.Ng5 Bf5 14.Nh3 Qd7 15.Nf4 Nxd4
16.exd4 e3 17.Qc3 exd2 18.Qxd2 c6 19.Rfe1 Qc7 20.h3 h6 21.g4 Bh7 22.Rxe8+ Rxe8
23.Re1 Rxe1+ 24.Qxe1 Kf8 25.Qd2 Qb6 26.Qc3 Qc7 27.Qd2 Qb6 28.Qc3 Qc7  1/2-1/2

[Event "13th EICC"]
[Site "Plovdiv BUL"]
[Date "2012.03.25"]
[Round "6.78"]
[White "Drenchev,P"]
[Black "Balogh,C"]
[Result "0-1"]
[WhiteElo "2499"]
[BlackElo "2664"]

1.d4 Nf6 2.c4 e6 3.Nf3 Bb4+ 4.Bd2 c5 5.g3 Qb6 6.Bxb4 Qxb4+ 7.Qd2 Nc6 8.Qxb4 Nxb4
9.Na3 b6 10.Bg2 Bb7 11.O-O Ke7 12.Rfd1 Rac8 13.Ne1 Bxg2 14.Kxg2 d5 15.cxd5 Nfxd5
16.e4 Nf6 17.e5 Nfd5 18.Nb5 cxd4 19.Nxd4 Rhd8 20.Rd2 Nc6 21.Nxc6+ Rxc6 22.Rad1 b5
23.a3 Rc4 24.Nf3 g6 25.Nd4 a6 26.h4 h5 27.Kf3 Rdc8 28.Ke2 R8c7 29.Ra1 Kd7
30.Rad1 Kc8 31.Nf3 a5 32.Rd4 Kb7 33.Ng5 Kb6 34.Ne4 R4c6 35.R1d2 a4 36.Rd1 Ka5
37.R1d2 Rb6 38.Kd1 b4 39.axb4+ Rxb4 40.Rxb4 Kxb4 41.Rd3 Nb6 42.Nd6 Nc4 43.Nxc4 Rxc4
44.Rf3 Rc7 45.Kd2 Ra7 46.Kc2 Kc4 47.Ra3 Kd4 48.f4 Ke4 49.Kb1 Kf5 50.Ka2 Kg4
51.Rd3 Rb7 52.Rc3 Rb3 53.Rc7 Kxg3 54.Rxf7 Kxh4 55.Rf6 g5 56.fxg5 Kxg5 57.Rxe6 h4
58.Re8 h3 59.e6 Kf6 60.Ra8 Kxe6 61.Rxa4 Rf3 62.Rh4 Kf5 63.Rh8 Kg4  0-1

[Event "13th EICC"]
[Site "Plovdiv BUL"]
[Date "2012.03.25"]
[Round "6.83"]
[White "Grigorov,G"]
[Black "Erdos,V"]
[Result "1/2-1/2"]
[WhiteElo "2489"]
[BlackElo "2631"]

1.d4 e6 2.c4 Nf6 3.Nf3 Bb4+ 4.Bd2 Bxd2+ 5.Qxd2 b6 6.g3 Bb7 7.Bg2 O-O 8.O-O d6
9.Qc2 c5 10.Nc3 cxd4 11.Nxd4 Bxg2 12.Kxg2 Qc7 13.Qd3 a6 14.b3 Nbd7 15.e4 Ne5
16.Qe3 Rfe8 17.Rfd1 Rad8 18.h3 Ng6 19.Nf3 h5 20.Rd2 h4 21.Nxh4 Nxh4+ 22.gxh4 d5
23.e5 Nd7 24.cxd5 Nxe5 25.Rad1 Rc8 26.d6 Qxc3 27.d7 Nxd7 28.Qxc3 Rxc3 29.Rxd7 Rc2
30.Rb7 b5 31.Rdd7 Rf8 32.a4 bxa4 33.bxa4 Rc4 34.a5 Rc5 35.Ra7 Rxa5 36.Rd6 Rh5
37.Rd4 e5 38.Rg4 Rc8 39.Rxa6 Rc2 40.Ra3 Rf5 41.Rf3  1/2-1/2

[Event "Belgrade Spring Open 2012"]
[Site "Belgrade SRB"]
[Date "2012.03.26"]
[Round "3.4"]
[White "Stamenkovic,A"]
[Black "Milijanovic,G"]
[Result "1-0"]
[WhiteElo "2288"]
[BlackElo "2160"]

1.d4 Nf6 2.Nf3 e6 3.c4 Bb4+ 4.Bd2 Qe7 5.g3 Bxd2+ 6.Qxd2 d6 7.Bg2 O-O 8.O-O Re8
9.Nc3 Nbd7 10.Rac1 c6 11.d5 exd5 12.cxd5 c5 13.e4 Rb8 14.Rfe1 b5 15.b3 b4
16.Na4 Qd8 17.Nh4 Nb6 18.Nb2 Nfd7 19.Nf5 Qf6 20.f4 Nf8 21.Ne3 h5 22.Nbc4 Ng6
23.Qb2 Qxb2 24.Nxb2 Ba6 25.Nf5 Rbd8 26.Bf3 Ne7 27.Nxe7+ Rxe7 28.e5 g6 29.Kf2 dxe5
30.Rxe5 Rc7 31.Nc4 Bxc4 32.bxc4 Kf8 33.f5 Nd7 34.Re3 Nf6 35.fxg6 fxg6 36.Re6 Kf7
37.Rce1 Re8 38.Rxf6+  1-0

[Event "13th EICC"]
[Site "Plovdiv BUL"]
[Date "2012.03.28"]
[Round "8.93"]
[White "Lintchevski,D"]
[Black "Ovod,E"]
[Result "1/2-1/2"]
[WhiteElo "2564"]
[BlackElo "2408"]

1.d4 Nf6 2.c4 e6 3.Nf3 Bb4+ 4.Bd2 c5 5.Bxb4 cxb4 6.Nbd2 O-O 7.g3 d6 8.Bg2 Qc7
9.O-O a5 10.e4 e5 11.c5 dxc5 12.dxe5 Ng4 13.Rc1 Rd8 14.Qc2 b6 15.h3 Nxe5
16.Nxe5 Qxe5 17.Nc4 Qc7 18.Rfd1 Rxd1+ 19.Rxd1 Nc6 20.e5 Be6 21.Nd6 Rd8 22.f4 Qd7
23.Kh2 Nd4 24.Qb1 f5 25.Rd3 g6 26.a3 Qa4 27.g4 Qc2 28.Qxc2 Nxc2 29.Kg3 Kf8
30.Bf3 Nd4 31.axb4 axb4 32.Nb5 Bc4 33.Nxd4 Bxd3 34.Ne6+ Ke7 35.Nxd8 Kxd8
36.Kf2 c4 37.Ke3 Bf1 38.gxf5 gxf5 39.Be2 Bxe2 40.Kxe2 b3 41.Kd2 Kd7 42.Kc1 b5
43.Kd2 b4 44.Kc1 Ke6 45.Kd2 c3+ 46.Kc1 Kd5 47.Kb1 h6 48.Kc1  1/2-1/2

[Event "13th EICC"]
[Site "Plovdiv BUL"]
[Date "2012.03.29"]
[Round "9.115"]
[White "Panteleev,P"]
[Black "Nestorovic,N"]
[Result "1/2-1/2"]
[WhiteElo "2347"]
[BlackElo "2462"]

1.d4 Nf6 2.c4 e6 3.Nf3 Bb4+ 4.Bd2 a5 5.g3 d6 6.Bg2 Nbd7 7.O-O e5 8.Be3 exd4
9.Bxd4 O-O 10.Nc3 c6 11.b3 Re8 12.Na4 d5 13.a3 Bf8 14.cxd5 Nxd5 15.Qc2 N7f6
16.Rfe1 Ne4 17.Ne5 Ng5 18.e4 Nb4 19.Qc3 f6 20.Bb6 Qe7 21.Nc4 Na6 22.f4 Nf7
23.Qxa5 Be6 24.Qc3 Nd6 25.Nxd6 Qxd6 26.b4 Qe7 27.Bf2 Rad8 28.Nc5 Nxc5 29.Bxc5 Qf7
30.Bxf8 Rxf8 31.a4 Qd7 32.Bf3 Qd2 33.Qxd2 Rxd2 34.Rad1 Ra2 35.a5 c5 36.bxc5 Rxa5
37.Rd6 Bf7 38.e5 fxe5 39.Rxe5 Re8 40.Rxe8+ Bxe8 41.Rd8 Kf7 42.Rc8 Bd7 43.Rc7 Ke8
44.Be4 h6 45.Kf2 Kd8 46.Rxb7 Rxc5 47.Ke3 Ra5 48.Rb8+ Ke7 49.Ra8 Rxa8 50.Bxa8 g5
51.Kf3 Kf6 52.Be4 Be6 53.fxg5+ hxg5  1/2-1/2

[Event "European Senior Teams 2012"]
[Site "Rogaska Slatina SLO"]
[Date "2012.03.29"]
[Round "3.6"]
[White "Vink,W"]
[Black "Kolbak,J"]
[Result "0-1"]
[WhiteElo "1954"]
[BlackElo "2278"]

1.d4 Nf6 2.Nf3 e6 3.c4 Bb4+ 4.Bd2 a5 5.g3 O-O 6.Bg2 d5 7.cxd5 exd5 8.O-O Bxd2
9.Nbxd2 Nc6 10.Rc1 Re8 11.e3 a4 12.Rc5 Qd6 13.Qb1 g6 14.Nh4 Bd7 15.Rfc1 b6
16.R5c3 Rac8 17.a3 Na7 18.Rd1 Nb5 19.Rcc1 Qe7 20.Qd3 Nd6 21.Bf3 Nfe4 22.Ng2 Bb5
23.Qb1 c5 24.Bxe4 dxe4 25.dxc5 bxc5 26.b3 Be2 27.Re1 Bd3 28.Qb2 axb3 29.Nxb3 c4
30.Nd4 Rb8 31.Qa1 Qb7 32.Nf4 Ra8 33.Nxd3 exd3 34.Rb1 Qd5 35.a4 Rec8  0-1

[Event "13th EICC"]
[Site "Plovdiv BUL"]
[Date "2012.03.30"]
[Round "10.51"]
[White "Potkin,V"]
[Black "Jankovic,A"]
[Result "1/2-1/2"]
[WhiteElo "2669"]
[BlackElo "2553"]

1.d4 Nf6 2.c4 e6 3.Nf3 Bb4+ 4.Bd2 Qe7 5.g3 Nc6 6.Nc3 Bxc3 7.Bxc3 Ne4 8.Qc2 Nxc3
9.Qxc3 O-O 10.Bg2 d6 11.O-O e5 12.d5 Nd8 13.c5 f5 14.Rac1 Nf7 15.a4 Bd7 16.Qb4 Rfb8
17.cxd6 cxd6 18.Rc7 a5 19.Qb6 Qd8 20.Rfc1 Bxa4 21.e4 Bd7 22.Bh3 Rc8 23.Bxf5 Bxf5
24.exf5 Rxc7 25.Rxc7 Rc8 26.Rxb7 Qxb6 27.Rxb6 Kf8 28.Rb5 Rc5 29.Rb8+ Ke7
30.Rb7+ Ke8 31.Rb6 Ke7 32.Rb7+ Ke8 33.h4 Rxd5 34.Ng5 Nxg5 35.hxg5 g6 36.fxg6 hxg6
37.Rg7 Rb5 38.Rxg6 Ke7 39.Rg7+ Ke6 40.Ra7 Kf5 41.Ra6 Rd5 42.Rb6 Kxg5 43.b4 axb4
44.Rxb4  1/2-1/2

[Event "13th EICC"]
[Site "Plovdiv BUL"]
[Date "2012.03.31"]
[Round "11.16"]
[White "Georgiev,Ki"]
[Black "Khenkin,I"]
[Result "1/2-1/2"]
[WhiteElo "2671"]
[BlackElo "2632"]

1.d4 Nf6 2.c4 e6 3.Nf3 Bb4+ 4.Bd2 a5 5.Nc3 b6 6.Bg5 Bb7 7.Nd2 h6 8.Bh4 Nc6
9.a3 Bxc3 10.bxc3 Ne7 11.f3 Ng6 12.Bf2 Qe7 13.e4 e5 14.g3 O-O 15.Bd3 d5 16.cxd5 Nxd5
17.O-O Nf6 18.Nc4 Ba6 19.Qe2 Ne8 20.a4 Nd6 21.Nxe5 Nxe5 22.Bxa6 Nxf3+ 23.Qxf3 Rxa6
24.e5 Nc4 25.Qd3 Qe6 26.d5 Nxe5 27.Qe2 Qxd5 28.Bd4 Nc4 29.Rf4 Raa8 30.Bxg7 Kxg7
31.Rxc4 Rfe8 32.Qg4+ Qg5 33.Qd4+ Kg8 34.Rxc7 Rac8 35.Rxc8 Rxc8 36.Qxb6 Rxc3
37.Rf1 Rxg3+ 38.hxg3 Qxg3+ 39.Kh1 Qh3+ 40.Kg1 Qg3+  1/2-1/2

[Event "European Senior Teams 2012"]
[Site "Rogaska Slatina SLO"]
[Date "2012.04.01"]
[Round "6.19"]
[White "Baumbach,F"]
[Black "Dahl,Ivar M"]
[Result "1/2-1/2"]
[WhiteElo "2258"]
[BlackElo "2146"]

1.d4 e6 2.c4 Nf6 3.Nf3 Bb4+ 4.Bd2 Qe7 5.g3 O-O 6.Bg2 Bxd2+ 7.Qxd2 d6 8.Nc3 Nbd7
9.O-O Re8 10.e4 e5 11.d5 a5 12.b3 Nc5 13.Qc2 Bg4 14.Nd2 Qd7 15.a3 h6 16.b4 axb4
17.axb4 Rxa1 18.Rxa1 Na6 19.Qb2 Bh3 20.Ra4 Bxg2 21.Kxg2 Qe7 22.Qa3 Nb8 23.Ra7 b6
24.Rb7 Rc8 25.Nb5 Ne8 26.Na7 Rd8 27.Rxb8 Rxb8 28.Nc6 Qg5 29.Nf3 Qg4 30.Nxb8 Qxe4
31.Nc6 Nf6 32.Qc3 g5 33.h3 b5 34.cxb5 Nxd5 35.Qb3 Kg7 36.Kg1 Nf6 37.Qe3 Qb1+
38.Kg2 Nd5 39.Qd2 Qe4 40.Qe1 Qd3 41.Qf1 Qe4 42.Qc1 Qe2 43.Nxg5 hxg5 44.Qxg5+ Kh7
45.Qf5+ Kg7 46.Qg5+  1/2-1/2